| 000 | 00924nam a22002897a 4500 | ||
|---|---|---|---|
| 001 | 7612 | ||
| 003 | FISKH | ||
| 005 | 20250728093750.0 | ||
| 008 | 250728b cb ||||| |||| 00| 0 eng d | ||
| 020 | _a9780395827413 | ||
| 040 |
_aFISKH _beng _cFISKH _dFISKH |
||
| 050 | _aPZ7.M51273 M | ||
| 082 | _a480 | ||
| 100 | _aMeddaugh, Susan | ||
| 245 |
_aMartha calling / _cBy Susan Meddaugh |
||
| 260 |
_aBoston : _bHoughton Mifflin Company , _c1994. |
||
| 300 |
_a32 unnumbered pages : _bcolor illustrations ; _c26 cm . |
||
| 490 |
_aMartha the Talking Dog _vBook 2 |
||
| 505 | _aM | ||
| 520 | _aWhen she wins a call-in radio contest, Martha the talking dog and her family go for a vacation and manage to change the "no dogs allowed" policy. | ||
| 521 | 8 |
_a540
_bLexile |
|
| 521 | 8 |
_aM
_bRaz-Plus |
|
| 650 |
_aDogs _vFiction |
||
| 650 |
_aVacations _vFiction |
||
| 942 |
_2ddc _cBK _n0 |
||
| 999 |
_c7612 _d7612 |
||